000 00425nam a2200157 i 4500
001 129382
003 ES-MaACL
005 20230906193505.0
007 t|
008 070614s1922 fr ||||1| fre d
100 1 _aTherive, André.
_9109903
245 1 3 _aLe voyage de M. Renan
_b: roman /
_cAndré Therive.
260 _a[Tours] :
_bE. Arrault e Cie.,
_c1922.
300 _a272 p. ;
_c19 cm.
852 _aES-MaACL
_jF-4932
999 _c129382
_d129382